Statistiken für Länder mit E

Klicken Sie hier um das Quiz zu spielen!

Allgemein

  • Dieses Quiz wurde 1.069 mal gespielt
  • Das Durchschnittsergebnis liegt bei 4 aus 5

Antwortstatistiken

HintAntwort% Korrekt
5Estland
95%
4Eritrea
89%
1Ecuador
80%
2El Salvador
57%
3Elfenbeinküste
54%

Verteilung der Resultate

Perzentil nach korrekt beantworteten Fragen

Anzahl Personen mit jedem Resultat

Ihre Resultats-Entwicklung

Sie haben dieses Quiz noch nicht gespielt